000 00323nam a2200133Ia 4500
005 20260328104321.0
008 260328s9999||||xx |||||||||||||| ||und||
100 _aBonet, Eugeni
245 0 _aJohn Pawson /
_cEugeni Bonet
260 _bGustavo Gili
300 _a167 p.
650 _aARQUITECTURA- DOMÉSTICA
942 _cBK
999 _c11344
_d11344